000 00799nas a2200253 4500
001 BR9509415
003 BR-BrBNA
005 20231205095525.0
007 ta
008 230509b bl.|||p| |||| 00| 00por d
040 _aBR-BrBNA
_bpor
_cBiblioteca Nacional de Agricultura
041 _a(Pt)
072 _aF50
100 1 _aNunes, E.C.M.
100 1 _aMariath, J.E. de A.
100 1 _aOliveira, P.L. de
245 1 _aMorfologia e anatomia da folha de especies da seccao 3 (sensu Ehrendorfer)do genero Relbunium (Rubieae-Rubiaceae)
650 _aRubiaceae
650 _aFolha
650 _aMorfologia Vegetal
773 0 _tIheringia. Serie Botanica (Brazil)
_xISSN 0073-4705
_g(Jun 1994), no. 44 p. 113-149
_wBR9509415
909 _a202311
_bLúcia
_c55
_dLúcia Elande
942 _2AGRIS
_n0
_cANA
999 _c151201
_d151201